Statistiques concernant Pokémon 6G - Anagrammes aléatoire

Cliquez ici pour prendre le quiz!

Statistiques générales

  • Ce quiz a été pris 32 fois
  • Le résultat moyen est 10 sur 20

Statistiques - réponses

Pokémon% Correct
Blindépique
100%
Dedenne
100%
Feunnec
100%
Flabébé
100%
Venalgue
100%
Xerneas
100%
Brutalibré
86%
Amagara
83%
Croâporal
83%
Grelaçon
80%
Psystigri
78%
Excavarenne
75%
Goupelin
75%
Mistigrix
75%
Muplodocus
75%
Rexillius
75%
Mucuscule
71%
Pandespiègle
71%
Yveltal
71%
Zygarde
71%
Cocotine
67%
Desséliande
67%
Dragmara
67%
Exagide
67%
Kravarech
67%
Brocélôme
60%
Galvaran
60%
Sepiatroce
60%
Pandarbare
57%
Amphinobi
50%
Banshitrouye
50%
Bruyverne
50%
Chevroum
50%
Colimucus
50%
Dimoclès
50%
Floette
50%
Gamblast
50%
Iguolta
50%
Lépidonille
50%
Nymphali
50%
Pérégrain
50%
Prismillon
50%
Ptyranidur
50%
Némélios
44%
Boguérisse
40%
Florges
40%
Golgopathe
38%
Sepiatop
38%
Cabriolaine
33%
Flingouste
33%
Fluvetin
33%
Hoopa
33%
Séracrawl
33%
Sucroquin
33%
Passerouge
29%
Diancie
25%
Flambusard
25%
Grenousse
25%
Sapereau
25%
Opermine
20%
Sonistrelle
20%
Braisillon
17%
Monorpale
17%
Roussil
17%
Strassie
17%
Couafarel
0%
Cupcanaille
0%
Hélionceau
0%
Marisson
0%
Pitrouille
0%
Trousselin
0%
Volcanion
0%

Distribution des résultats

Percentile par nombre de réponses

% des personnes avec chaque résultat

Votre développement - résultats

Vous n’avez pas pris ce quiz